Statistics for Every Premier League Player 21/22

Click here to take the quiz!

General Stats

  • This quiz has been taken 4 times
  • The average score is 124 of 500

Answer Stats

ClubPositionAppearancesNationAnswer% Correct
Manchester CityMF35PortugalBernardo Silva
100%
Manchester CityDF14EnglandJohn Stones
100%
ChelseaMF32EnglandMason Mount
100%
Manchester CityMF33SpainRodri
100%
ChelseaDF32BrazilThiago Silva
100%
ArsenalFW30FranceAlexandre Lacazette
75%
EvertonMF28BrazilAllan
75%
ChelseaDF34GermanyAntonio Rudiger
75%
West HamDF20EnglandBen Johnson
75%
ArsenalFW38EnglandBukayo Saka
75%
ChelseaFW22USAChristian Pulisic
75%
Manchester UtdFW30PortugalCristiano Ronaldo
75%
Aston VillaGK36ArgentinaEmiliano Martinez
75%
Manchester CityFW4SpainFerran Torres
75%
LeicesterFW25EnglandJamie Vardy
75%
EvertonGK35EnglandJordan Pickford
75%
Manchester CityMF30BelgiumKevin De Bruyne
75%
ArsenalMF36NorwayMartin Odegaard
75%
LiverpoolFW35EgyptMohamed Salah
75%
BurnleyGK36EnglandNick Pope
75%
ArsenalFW20Ivory CoastNicolas Pepe
75%
Aston VillaFW19BrazilPhilippe Coutinho
75%
ArsenalFW14GabonPierre-Emerick Aubameyang
75%
Manchester CityFW30EnglandRaheem Sterling
75%
EvertonFW30BrazilRicharlison
75%
ChelseaFW26BelgiumRomelu Lukaku
75%
ArsenalGK34EnglandAaron Ramsdale
50%
BrightonMF33ArgentinaAlexis MacAllister
50%
ChelseaDF19DenmarkAndreas Christensen
50%
EvertonMF14PortugalAndre Gomes
50%
EvertonFW35EnglandAnthony Gordon
50%
BurnleyFW23EnglandAshley Barnes
50%
Aston VillaDF24EnglandAshley Young
50%
Manchester CityDF33SpainAymeric Laporte
50%
EvertonDF23EnglandBen Godfrey
50%
BurnleyDF21EnglandBen Mee
50%
ArsenalDF32EnglandBen White
50%
ArsenalGK4GermanyBernd Leno
50%
Manchester UtdMF36PortugalBruno Fernandes
50%
ChelseaMF15EnglandCallum Hudson-Odoi
50%
Aston VillaDF11EnglandCalum Chambers
50%
ArsenalDF2EnglandCalum Chambers
50%
ArsenalDF21PortugalCedric Soares
50%
ChelseaDF27SpainCesar Azpilicueta
50%
Crystal PalaceFW25BelgiumChristian Benteke
50%
BrentfordMF11DenmarkChristian Eriksen
50%
NewcastleFW17New ZealandChris Wood
50%
BurnleyFW17New ZealandChris Wood
50%
BurnleyDF21WalesConnor Roberts
50%
Crystal PalaceMF34EnglandConor Gallagher
50%
Aston VillaFW30EnglandDanny Ings
50%
Manchester UtdGK38SpainDavid De Gea
50%
West HamMF36EnglandDeclan Rice
50%
TottenhamMF10EnglandDele Alli
50%
EvertonMF11EnglandDele Alli
50%
EvertonFW34EnglandDemarai Gray
50%
LiverpoolFW35PortugalDiogo Jota
50%
EvertonFW17EnglandDominic Calvert-Lewin
50%
ArsenalFW21EnglandEddie Nketiah
50%
Manchester CityGK37BrazilEderson
50%
ChelseaGK34SenegalEdouard Mendy
50%
ArsenalMF33EnglandEmile Smith Rowe
50%
Aston VillaMF35ArgentinaEmiliano Buendia
50%
BrightonMF18ZambiaEnock Mwepu
50%
Aston VillaDF29EnglandEzri Konsa
50%
Manchester CityMF19BrazilFernandinho
50%
SouthamptonGK19EnglandFraser Forster
50%
Manchester CityFW28BrazilGabriel Jesus
50%
ArsenalFW29BrazilGabriel Martinelli
50%
ArsenalMF27SwitzerlandGranit Xhaka
50%
ChelseaFW23MoroccoHakim Ziyech
50%
TottenhamFW37EnglandHarry Kane
50%
Manchester UtdDF30EnglandHarry Maguire
50%
BrentfordFW33EnglandIvan Toney
50%
LeicesterMF35EnglandJames Maddison
50%
BurnleyDF35EnglandJames Tarkowski
50%
BurnleyFW29EnglandJay Rodriguez
50%
Crystal PalaceDF34DenmarkJoachim Andersen
50%
Manchester CityDF36PortugalJoao Cancelo
50%
Aston VillaMF35ScotlandJohn McGinn
50%
LiverpoolMF35EnglandJordan Henderson
50%
ChelseaMF29ItalyJorginho
50%
ChelseaFW29GermanyKai Havertz
50%
LeedsMF20EnglandKalvin Phillips
50%
LeicesterGK37DenmarkKasper Schmeichel
50%
ChelseaGK4SpainKepa Arrizabalaga
50%
ArsenalDF22ScotlandKieran Tierney
50%
Manchester CityDF20EnglandKyle Walker
50%
Aston VillaFW18JamaicaLeon Bailey
50%
Aston VillaDF16FranceLucas Digne
50%
EvertonDF13FranceLucas Digne
50%
Crystal PalaceMF15SerbiaLuka Milivojevic
50%
Manchester UtdDF20EnglandLuke Shaw
50%
ChelseaDF8FranceMalang Sarr
50%
BrightonDF35SpainMarc Cucurella
50%
ChelseaDF28SpainMarcos Alonso
50%
Manchester UtdFW25EnglandMarcus Rashford
50%
BurnleyFW22Czech RepublicMatej Vydra
50%
ChelseaMF25CroatiaMateo Kovacic
50%
EvertonDF32EnglandMichael Keane
50%
Crystal PalaceFW26FranceMichael Olise
50%
ArsenalMF14EgyptMohamed Elneny
50%
BrightonFW32FranceNeal Maupay
50%
ChelseaMF26FranceN'Golo Kante
50%
ArsenalDF22PortugalNuno Tavares
50%
Crystal PalaceFW28FranceOdsonne Edouard
50%
Manchester CityDF15UkraineOleksandr Zinchenko
50%
LeicesterFW23ZambiaPatson Daka
50%
Manchester UtdMF20FrancePaul Pogba
50%
Manchester CityFW28EnglandPhil Foden
50%
Manchester UtdDF4EnglandPhil Jones
50%
BrentfordDF37SwedenPontus Jansson
50%
WolvesFW34MexicoRaul Jimenez
50%
ChelseaDF26EnglandReece James
50%
Manchester CityFW28AlgeriaRiyad Mahrez
50%
LiverpoolFW20BrazilRoberto Firmino
50%
BrightonGK37SpainRobert Sanchez
50%
ArsenalDF15EnglandRob Holding
50%
ChelseaMF6EnglandRoss Barkley
50%
Manchester CityDF29PortugalRuben Dias
50%
ChelseaMF24EnglandRuben Loftus-Cheek
50%
LiverpoolFW34SenegalSadio Mane
50%
West HamFW32AlgeriaSaid Benrahma
50%
ChelseaMF10SpainSaul Niguez
50%
ArsenalDF2BosniaSead Kolasinac
50%
EvertonDF30IrelandSeamus Coleman
50%
TottenhamFW35South KoreaSon Heung-Min
50%
NorwichFW37FinlandTeemu Pukki
50%
LiverpoolMF25SpainThiago Alcantara
50%
ArsenalMF24GhanaThomas Party
50%
ChelseaFW21GermanyTimo Werner
50%
EvertonMF6EnglandTom Davies
50%
ChelseaDF20EnglandTrevoh Chalobah
50%
Aston VillaDF36EnglandTyrone Mings
50%
LiverpoolDF34NetherlandsVirgil van Dijk
50%
BrentfordMF31GermanyVitaly Janelt
50%
Crystal PalaceFW33Ivory CoastWilfried Zaha
50%
BurnleyFW20NetherlandsWout Weghorst
50%
LeicesterMF32BelgiumYouri Tielemans
50%
West HamDF31EnglandAaron Cresswell
25%
BurnleyMF28EnglandAaron Lennon
25%
Manchester UtdDF20EnglandAaron Wan-Bissaka
25%
WolvesFW20SpainAdama Traore
25%
BrightonDF22EnglandAdam Webster
25%
LeicesterMF26NigeriaAdemola Lookman
25%
ArsenalMF19BelgiumAlbert Sambi Lokonga
25%
EvertonMF28NigeriaAlex Iwobi
25%
LiverpoolMF17EnglandAlex Oxlade-Chamberlain
25%
Manchester UtdDF21BrazilAlex Telles
25%
LiverpoolGK36BrazilAlisson Becker
25%
LiverpoolDF29ScotlandAndrew Robertson
25%
West HamFW19UkraineAndriy Yarmolenko
25%
EvertonMF21EnglandAndros Townsend
25%
West HamDF11ItalyAngelo Ogbonna
25%
Manchester UtdFW21SwedenAnthony Elanga
25%
Manchester UtdFW8FranceAnthony Martial
25%
Aston VillaMF9NetherlandsAnwar El Ghazi
25%
SouthamptonFW32AlbaniaArmando Broja
25%
West HamDF13DR CongoArthur Masuaku
25%
BurnleyMF27EnglandAshley Westwood
25%
EvertonGK3BosniaAsmir Begovic
25%
LeicesterMF14SpainAyoze Perez
25%
ChelseaDF7EnglandBen Chilwell
25%
TottenhamDF29WalesBen Davies
25%
WatfordGK26EnglandBen Foster
25%
Aston VillaMF9Burkina FasoBertrand Traore
25%
NorwichMF24ScotlandBilly Gilmour
25%
LeicesterMF19FranceBoubakary Soumare
25%
NorwichDF26EnglandBrandon Williams
25%
NewcastleMF17BrazilBruno Guimaraes
25%
BrentfordFW35FranceBryan Mbeumo
25%
LeicesterDF28TurkeyCaglar Soyuncu
25%
NewcastleFW18EnglandCallum Wilson
25%
LiverpoolGK2IrelandCaoimhin Kelleher
25%
BrentfordMF35DenmarkChristian Norgaard
25%
Manchester CityMF4EnglandCole Palmer
25%
WolvesDF38EnglandConor Coady
25%
West HamDF31EnglandCraig Dawson
25%
TottenhamDF22ArgentinaCristian Romero
25%
LiverpoolMF15EnglandCurtis Jones
25%
NewcastleDF16EnglandDan Burn
25%
BrightonDF13EnglandDan Burn
25%
LeicesterDF28GhanaDaniel Amartey
25%
LeedsFW32WalesDaniel James
25%
WolvesFW26PortugalDaniel Podence
25%
WatfordDF8EnglandDanny Rose
25%
BrightonFW25EnglandDanny Welbeck
25%
BrentfordGK24SpainDavid Raya
25%
TottenhamDF23ColombiaDavinson Sanchez
25%
TottenhamFW18SwedenDejan Kulusevski
25%
LeedsDF28SpainDiego Llorente
25%
Manchester UtdDF24PortugalDiogo Dalot
25%
LiverpoolFW7BelgiumDivock Origi
25%
Manchester UtdMF8NetherlandsDonny van de Beek
25%
EvertonMF7NetherlandsDonny van de Beek
25%
Aston VillaMF34BrazilDouglas Luiz
25%
BurnleyMF38EnglandDwight McNeil
25%
Crystal PalaceMF13EnglandEberechi Eze
25%
Manchester UtdFW15UruguayEdinson Cavani
25%
NewcastleDF20SwedenEmil Krafth
25%
WatfordFW33NigeriaEmmanuel Dennis
25%
Manchester UtdDF4Ivory CoastEric Bailly
25%
BurnleyDF12NetherlandsErik Pieters
25%
EvertonMF11EnglandFabian Delph
25%
NewcastleDF25SwitzerlandFabian Schar
25%
LiverpoolMF29BrazilFabinho
25%
WolvesFW22PortugalFabio Silva
25%
ArsenalFW2EnglandFolarin Balogun
25%
Manchester UtdMF28BrazilFred
25%
ArsenalDF35BrazilGabriel Magalhaes
25%
TottenhamMF9ArgentinaGiovani Lo Celso
25%
Manchester UtdFW2TunisiaHannibal Mejbri
25%
TottenhamMF19EnglandHarry Winks
25%
LeicesterFW32EnglandHarvey Barnes
25%
LiverpoolMF6EnglandHarvey Elliott
25%
TottenhamGK38FranceHugo Lloris
25%
LiverpoolDF11FranceIbrahima Konate
25%
Manchester CityMF27GermanyIlkay Gündoğan
25%
LeedsGK38FranceIllan Meslier
25%
Crystal PalaceGK9EnglandJack Butland
25%
BurnleyMF20EnglandJack Cork
25%
Manchester CityFW26EnglandJack Grealish
25%
Aston VillaMF34EnglandJacob Ramsey
25%
Manchester UtdFW29EnglandJadon Sancho
25%
NewcastleDF5Northern IrelandJamal Lewis
25%
LeicesterDF13EnglandJames Justin
25%
Crystal PalaceMF21ScotlandJames McArthur
25%
Manchester CityMF2EnglandJames Mcatee
25%
LiverpoolMF24EnglandJames Milner
25%
SouthamptonMF36EnglandJames Ward-Prowse
25%
SouthamptonDF31PolandJan Bednarek
25%
LeicesterDF10DenmarkJannik Vestergaard
25%
TottenhamDF11EnglandJaphet Tanganga
25%
West HamFW36EnglandJarrod Bowen
25%
Crystal PalaceFW22FranceJean-Philippe Mateta
25%
Crystal PalaceMF32GhanaJeffrey Schlupp
25%
Manchester UtdMF16EnglandJesse Lingard
25%
WolvesMF35PortugalJoao Moutinho
25%
WatfordFW28BrazilJoao Pedro
25%
LiverpoolDF8EnglandJoe Gomez
25%
LiverpoolDF31CameroonJoel Matip
25%
BrightonDF34NetherlandsJoel Veltman
25%
Crystal PalaceDF28EnglandJoel Ward
25%
Crystal PalaceFW31GhanaJordan Ayew
25%
WolvesGK37PortugalJose Sa
25%
BurnleyMF35EnglandJosh Brownhill
25%
BrentfordMF9EnglandJosh DaSilva
25%
NorwichFW26USAJosh Sargent
25%
Manchester UtdMF7SpainJuan Mata
25%
WatfordMF26SlovakiaJuraj Kucka
25%
NewcastleDF6EnglandKieran Trippier
25%
LeicesterMF28EnglandKiernan Dewsbury-Hall
25%
Aston VillaDF7EnglandKortney Hause
25%
LiverpoolDF13GreeceKostas Tsimikas
25%
West HamDF24FranceKurt Zouma
25%
WolvesMF30BelgiumLeander Dendoncker
25%
BrightonFW34BelgiumLeandro Trossard
25%
BrightonDF29EnglandLewis Dunk
25%
TottenhamFW34BrazilLucas Moura
25%
LiverpoolFW13ColombiaLuis Diaz
25%
West HamGK37PolandLukasz Fabianski
25%
LeicesterDF22EnglandLuke Thomas
25%
West HamMF30ArgentinaManuel Lanzini
25%
LeicesterDF17EnglandMarc Albrighton
25%
Crystal PalaceDF36EnglandMarc Guehi
25%
NewcastleGK26SlovakiaMartin Dubravka
25%
Aston VillaMF16ZimbabweMarvelous Nakamba
25%
EvertonDF25EnglandMason Holgate
25%
LeedsMF33PolandMateusz Klich
25%
TottenhamDF15IrelandMatt Doherty
25%
BurnleyDF25EnglandMatthew Lowton
25%
Aston VillaDF38PolandMatty Cash
25%
NorwichDF34EnglandMax Aarons
25%
BurnleyMF26Ivory CoastMaxwel Cornet
25%
West HamFW36JamaicaMichail Antonio
25%
NewcastleFW30ParaguayMiguel Almiron
25%
NorwichFW31KosovoMilot Rashica
25%
WatfordMF36FranceMoussa Sissoko
25%
LiverpoolMF23GuineaNaby Keita
25%
Manchester CityDF14NetherlandsNathan Ake
25%
Crystal PalaceDF16EnglandNathaniel Clyne
25%
WolvesDF25PortugalNelson Semedo
25%
Manchester UtdMF23SerbiaNemanja Matic
25%
Aston VillaFW35EnglandOllie Watkins
25%
NorwichDF11TurkeyOzan Kabak
25%
West HamFW36SpainPablo Fornals
25%
LeedsFW9EnglandPatrick Bamford
25%
WolvesFW13PortugalPedro Neto
25%
Manchester UtdDF22FranceRaphael Varane
25%
LeedsFW35BrazilRaphinha
25%
WolvesDF23FranceRayan Ait Nouri
25%
LeicesterDF14EnglandRicardo Pereira
25%
BrentfordDF34EnglandRico Henry
25%
LeedsDF20GermanyRobin Koch
25%
WolvesDF31MoroccoRomain Saiss
25%
WolvesMF33PortugalRuben Neves
25%
LeicesterDF4EnglandRyan Bertrand
25%
West HamDF7EnglandRyan Fredericks
25%
EvertonFW20ColombiaSalomon Rondon
25%
Manchester UtdMF30ScotlandScott McTominay
25%
BrentfordDF31SpainSergi Canos
25%
BrightonDF18IrelandShane Duffy
25%
BrightonDF31EnglandSolly March
25%
TottenhamFW25NetherlandsSteven Bergwijn
25%
ArsenalDF21JapanTakehiro Tomiyasu
25%
LiverpoolFW11JapanTakumi Minamino
25%
TottenhamMF9FranceTanguy Ndombele
25%
BrightonDF30EnglandTariq Lamptey
25%
Aston VillaMF3EnglandTim Iroegbunam
25%
NorwichGK29NetherlandsTim Krul
25%
LeicesterDF27BelgiumTimothy Castagne
25%
West HamMF35Czech RepublicTomas Soucek
25%
LiverpoolDF32EnglandTrent Alexander-Arnold
25%
WatfordFW2EnglandTroy Deeney
25%
LiverpoolMF2EnglandTyler Morton
25%
Crystal PalaceDF36EnglandTyrick Mitchell
25%
Crystal PalaceGK30SpainVicente Guaita
25%
Manchester UtdDF28SwedenVictor Lindelof
25%
West HamDF28Czech RepublicVladimir Coufal
25%
BurnleyGK2WalesWayne Hennessey
25%
LeicesterDF7FranceWesley Fofana
25%
LeicesterMF19NigeriaWilfred Ndidi
25%
Crystal PalaceMF16EnglandWill Hughes
25%
EvertonDF13ColombiaYerry Mina
25%
BrightonMF26MaliYves Bissouma
25%
BrightonFW4IrelandAaron Connolly
0%
EvertonMF30MaliAbdoulaye Doucoure
0%
SouthamptonFW23EnglandAdam Armstrong
0%
LeedsMF22EnglandAdam Forshaw
0%
NorwichFW17IrelandAdam Idah
0%
BrightonMF24EnglandAdam Lallana
0%
WatfordDF15MoroccoAdam Masina
0%
ArsenalMF8EnglandAinsley Maitland-Niles
0%
Manchester UtdFW2SpainAlejandro Garnacho
0%
SouthamptonGK17EnglandAlex McCarthy
0%
NewcastleFW35FranceAllen Saint-Maximan
0%
BrentfordGK12SpainAlvaro Fernandez
0%
NorwichDF5IrelandAndrew Omabamidele
0%
NorwichGK9EnglandAngus Gunn
0%
WatfordFW3EnglandAshley Fletcher
0%
Aston VillaDF9EnglandAxel Tuanzebe
0%
NorwichDF28EnglandBen Gibson
0%
TottenhamMF9SpainBryan Gil
0%
Aston VillaFW3EnglandCameron Archer
0%
Aston VillaMF12EnglandCarney Chukwuemeka
0%
LeedsDF5EnglandCharlie Cresswell
0%
BrentfordDF6EnglandCharlie Goode
0%
BurnleyDF31EnglandCharlie Taylor
0%
SouthamptonFW30ScotlandChe Adams
0%
Crystal PalaceMF27SenegalCheikhou Kouyate
0%
WolvesFW8PortugalChiquinho
0%
WatfordDF16BelgiumChristian Kabasele
0%
NorwichFW14GreeceChristopher Tzolis
0%
NorwichDF3GermanyChristoph Zimmermann
0%
NewcastleDF13IrelandCiaran Clark
0%
LeedsDF3EnglandCody Drameh
0%
WatfordDF31Northern IrelandCraig Cathcart
0%
West HamMF19CroatiaCroatia
0%
LeedsMF6NetherlandsCrysencio Summerville
0%
WatfordMF25ColombiaCucho
0%
BurnleyMF3EnglandDale Stephens
0%
WatfordMF4EnglandDan Gosling
0%
WatfordGK12AustriaDaniel Bachmann
0%
Manchester UtdFW2WalesDan James
0%
NorwichDF18GreeceDimitris Giannoulis
0%
BrentfordDF2EnglandDominic Thompson
0%
NewcastleFW8EnglandDwight Gayle
0%
WatfordMF13DR CongoEdo Kayembe
0%
TottenhamDF31BrazilEmerson Royal
0%
West HamMF11EnglandEngland
0%
TottenhamDF35EnglandEric Dier
0%
BrentfordDF32JamaicaEthan Pinnock
0%
NewcastleDF7ArgentinaFederico Fernandez
0%
WolvesDF18BrazilFernando Marcal
0%
WatfordDF5ChileFrancisco Sierralta
0%
WolvesFW28PortugalFrancisco Trincao
0%
BrentfordMF20NigeriaFrank Onyeka
0%
NewcastleGK4EnglandFreddie Woodman
0%
NorwichDF33ScotlandGrant Hanley
0%
LeicesterMF6EnglandHamza Choudhury
0%
WatfordDF19Ivory CoastHassan Kamara
0%
WolvesFW30South KoreaHwang Hee-Chan
0%
SouthamptonMF23FranceIbrahima Diallo
0%
WatfordMF20MoroccoImran Louza
0%
NewcastleMF14EnglandIsaac Hayden
0%
WatfordFW22SenegalIsmaila Sarr
0%
West HamDF13FranceIssa Diop
0%
LeedsFW35EnglandJack Harrison
0%
SouthamptonDF11EnglandJack Stephens
0%
NewcastleMF33EnglandJacob Murphy
0%
Crystal PalaceMF3NetherlandsJairo Riedewald
0%
NorwichMF10DenmarkJakob Sorenson
0%
BrightonMF28PolandJakub Moder
0%
NewcastleDF26EnglandJamaal Lascelles
0%
Crystal PalaceDF8EnglandJames Tomkins
0%
LeedsDF14EnglandJamie Shackleton
0%
EvertonDF6EnglandJarrad Branthwaite
0%
NewcastleDF19SpainJavier Manquillo
0%
EvertonMF3Ivory CoastJean-Philippe Gbamin
0%
NewcastleMF3EnglandJeff Hendrick
0%
WatfordDF16EnglandJeremy Ngakia
0%
BrightonMF5EcuadorJeremy Sarmiento
0%
Crystal PalaceMF2EnglandJesuran Rak Sakyi
0%
LeedsMF20EnglandJoe Gelhardt
0%
NewcastleMF35BrazilJoelinton
0%
TottenhamDF3WalesJoe Rodon
0%
NewcastleMF29EnglandJoe Willock
0%
BurnleyMF18IcelandJohann Gudmundsson
0%
WolvesGK2EnglandJohn Ruddy
0%
BrentfordGK2DenmarkJonas Lossl
0%
EvertonDF15EnglandJonjoe Kenny
0%
NewcastleMF24EnglandJonjo Shelvey
0%
WolvesDF13SpainJonny Castro
0%
LeicesterDF18Northern IrelandJonny Evans
0%
NorwichMF13EnglandJon Rowe
0%
LeedsDF24SpainJunior Firpo
0%
NewcastleGK8EnglandKarl Darlow
0%
NorwichMF31ScotlandKenny McLean
0%
WatfordMF18SwedenKen Sema
0%
BurnleyDF6IrelandKevin Long
0%
NorwichMF19EnglandKieran Dowell
0%
WolvesDF8NetherlandsKi-Jana Hoever
0%
WatfordDF27SpainKiko Femenia
0%
BrentfordDF24NorwayKristoffer Ajer
0%
SouthamptonDF32EnglandKyle Walker-Peters
0%
LeedsDF2NorwayLeo Fuhr Hjelde
0%
LeedsMF3EnglandLewis Bate
0%
EvertonMF3EnglandLewis Dobbin
0%
LeedsDF21ScotlandLiam Cooper
0%
NorwichMF19GermanyLukas Rupp
0%
LeedsDF26EnglandLuke Ayling
0%
WolvesMF4EnglandLuke Cundle
0%
SouthamptonDF15BrazilLyanco
0%
BrentfordDF11DenmarkMads Bech Sorensen
0%
BrentfordMF4DenmarkMads Bidstrup
0%
BrentfordDF21DenmarkMads Roerslev
0%
BrentfordMF7FinlandMarcus Forss
0%
Manchester UtdFW18EnglandMason Greenwood
0%
BrentfordMF31DenmarkMathias Jensen
0%
BrentfordDF8DenmarkMathias Jorgensen
0%
NorwichMF23NorwayMathias Normann
0%
NewcastleDF18ScotlandMatt Ritchie
0%
Aston VillaDF17EnglandMatt Targett
0%
NewcastleDF16EnglandMatt Targett
0%
WolvesDF30EnglandMax Kilman
0%
SouthamptonMF30NorwayMohamed Elyounoussi
0%
SouthamptonDF34GhanaMohammed Salisu
0%
BrightonMF8EcuadorMoises Caicedo
0%
WolvesMF2EnglandMorgan Gibbs-White
0%
Aston VillaMF10FranceMorgan Sanson
0%
SouthamptonMF12MaliMoussa Djenepo
0%
LeicesterMF14SenegalNampalys Mendy
0%
BurnleyDF19IrelandNathan Collins
0%
SouthamptonFW27EnglandNathan Redmond
0%
SouthamptonMF14EnglandNathan Tella
0%
WatfordDF3CameroonNicolas Nkoulou
0%
WatfordMF9NigeriaOghenekaro Etebo
0%
TottenhamMF18EnglandOliver Skipp
0%
SouthamptonMF36SpainOriel Romeu
0%
WatfordMF7TurkeyOzan Tufan
0%
ArsenalDF2SpainPablo Mari
0%
BrightonDF29GermanyPascal Grob
0%
LeedsDF29NetherlandsPascal Struijk
0%
NewcastleDF3WalesPaul Dummett
0%
TottenhamMF36DenmarkPierre Hojbjerg
0%
NorwichMF33FrancePierre Lees-Melou
0%
NorwichMF12PolandPrzemyslaw Placheta
0%
LeedsMF31SpainRodrigo
0%
TottenhamMF17ArgentinaRodrigo Bentancur
0%
SouthamptonDF20FranceRomain Perraud
0%
NewcastleMF27ScotlandRyan Fraser
0%
TottenhamDF21EnglandRyan Sessegnon
0%
BrentfordMF17IranSaman Ghoddos
0%
NorwichDF15EnglandSam Byram
0%
LeedsMF7EnglandSam Greenwood
0%
WatfordDF19BrazilSamir Santos
0%
WatfordFW4NigeriaSamuel Kalu
0%
NewcastleMF24EnglandSean Longstaff
0%
TottenhamDF25SpainSergio Region
0%
BrentfordMF22GrenadaShandon Baptiste
0%
SouthamptonFW13IrelandShane Long
0%
BrightonMF9ColombiaSteven Alzate
0%
SouthamptonMF25ScotlandStuart Armstrong
0%
LeedsDF34Northern IrelandStuart Dallas
0%
BrightonMF2EnglandTaylor Richards
0%
SouthamptonMF9EnglandTheo Walcott
0%
NorwichMF8EnglandTodd Cantwell
0%
WatfordMF28EnglandTom Cleverley
0%
NorwichMF3EnglandTony Springett
0%
WolvesDF4PortugalToti Gomes
0%
EvertonMF3EnglandTyler Onyango
0%
LeedsMF23WalesTyler Roberts
0%
SouthamptonDF28EnglandValentino Livramento
0%
EvertonDF13UkraineVitaliy Mykolenko
0%
SouthamptonMF4IrelandWilliam Smallbone
0%
WatfordDF18NigeriaWilliam Troost-Ekong
0%
WolvesDF10Ivory CoastWilly Boy
0%
SouthamptonGK2ArgentinaWilly Caballero
0%
SouthamptonDF5FranceYan Valery
0%
BrentfordFW30Congo DRYoane Wissa
0%

Score Distribution

Percentile by Number Answered

Percent of People with Each Score

Your Score History

You have not taken this quiz